Giáo trình nhiệt động lực học và vật lý thống kê
Saved in:
| Main Author: | |
|---|---|
| Format: | Book |
| Language: | Undetermined |
| Published: |
H.
Đại học Quốc gia Hà Nội
2008
|
| Subjects: | |
| Online Access: | http://lrc.tdmu.edu.vn/opac/search/detail.asp?aID=2&ID=4067 |
| Tags: |
Add Tag
No Tags, Be the first to tag this record!
|
| Institutions: | Trung tâm Học liệu Trường Đại học Thủ Dầu Một |
|---|
| LEADER | 00710nam a2200193Ia 4500 | ||
|---|---|---|---|
| 001 | TDMU_4067 | ||
| 008 | 210410s9999 xx 000 0 und d | ||
| 082 | |a 536 | ||
| 090 | |b V97 | ||
| 100 | |a Vũ, Thanh Khiết | ||
| 245 | 0 | |a Giáo trình nhiệt động lực học và vật lý thống kê | |
| 245 | 0 | |c Vũ Thanh Khiết | |
| 260 | |a H. | ||
| 260 | |b Đại học Quốc gia Hà Nội | ||
| 260 | |c 2008 | ||
| 300 | |a 483tr. | ||
| 650 | |a Nhiệt động lực học |v Giáo trình; Vật lý thống kê |v Giáo trình | ||
| 856 | |u http://lrc.tdmu.edu.vn/opac/search/detail.asp?aID=2&ID=4067 | ||
| 980 | |a Trung tâm Học liệu Trường Đại học Thủ Dầu Một | ||